Reklama v pohybu a pohyb v reklamě
Riaditeľ reklamnej agentúry RENCAR v Prahe JUDr. Jiří Křížek o obchodnej aktivite akciovej spoločnosti, ktorá sa orientuje na oblasť reklamy v dopravných prostriedkoch.
Uložené v:
| Hlavný autor: | |
|---|---|
| Ďalší autori: | |
| Médium: | Kapitola |
| Jazyk: | Czech |
| Predmet: | |
| Tagy: |
Žiadne tagy, Buďte prvý, kto otaguje tento záznam!
|
MARC
| LEADER | 00000naa a2200000 4500 | ||
|---|---|---|---|
| 001 | r022045 | ||
| 005 | 20230607095738.8 | ||
| 041 | 0 | |a cze | |
| 044 | |a CZ | ||
| 245 | 1 | 0 | |a Reklama v pohybu a pohyb v reklamě |c J. Křížek, K. Jžzová |
| 520 | |a Riaditeľ reklamnej agentúry RENCAR v Prahe JUDr. Jiří Křížek o obchodnej aktivite akciovej spoločnosti, ktorá sa orientuje na oblasť reklamy v dopravných prostriedkoch. | ||
| 610 | 2 | 0 | |a Česko |
| 610 | 2 | 0 | |a 1995 |
| 610 | 2 | 0 | |a 1996 |
| 610 | 2 | 0 | |a reklama |
| 610 | 2 | 0 | |a RENCAR, a.s. Praha |
| 610 | 2 | 0 | |a prostriedky dopravné |
| 100 | 1 | |a Křížek, J. | |
| 700 | 1 | |a Jžzová, K. | |